Commit to quality (Бичлэгийн дугаар. 145836)
| 000 -УДИРДЛАГА | |
|---|---|
| Удирдлага | 01530nam a22003617a 4500 |
| 003 - ХЯНАЛТЫН ТОО ТОДОРХОЙЛОГЧ | |
| Код | MN-UlNUM |
| 005 - БИЧИЛТ ХИЙСЭН ОГНОО | |
| Тухайн бичилтийг бичсэн засварласан сүүлийн огноо | 20251203111336.0 |
| 008 - ЕРӨНХИЙ МЭДЭЭЛЭЛ | |
| Ерөнхий мэдээлэл | 251203s1990 nyua b 001 0 eng |
| 020 ## - ISBN | |
| ISBN | 0471520187 |
| -- | 0471520184 |
| 040 ## - БИЧЛЭГ ҮҮСГЭГЧ БАЙГУУЛЛАГА | |
| Бичлэг үүсгэгч номын сангийн код | МУИС-ийн номын сан |
| 084 ## - ББК АНГИЛАЛ | |
| Нэмэлт тусгалт | Нэг сэдэвт бүтээл |
| ББК ангилал | 65.290-2 |
| Зохиогчийн гурван тэмдэгт | T 80 |
| Мэдлэгийн ялгаа | 65 - Эдийн засаг |
| 100 ## - ЗОХИОГЧ | |
| Зохиогчийн нэр | Townsend, Patrick L |
| 245 10 - ҮНДСЭН ГАРЧИГ | |
| Номын нэр | Commit to quality |
| Оролцогчдын тухай мэдээ | foreword by Tom Peters |
| 260 ## - ГАРАЛТЫН МЭДЭЭ | |
| Хэвлэгдсэн газар | New York |
| Хэвлэлийн газар | Wiley |
| Хэвлэгдсэн он | 1990 |
| 300 ## - МАТЕРИАЛЫН ТОДОРХОЙЛОЛТ | |
| хуудасны тоо | xviii, 221 p. : |
| Бусад тоон мэдээлэл | ill. ; |
| Хэмжээ | 22 cm |
| 500 ## - Тайлбар | |
| Дансны дугаар | БС 4233 |
| 505 ## - Агуулгын тэмдэглэгээ | |
| Агуулгын тэмдэглэгээ | An exhaustive look at the quality team process, this book deals exclusively with implementing a quality program in a service business. Discusses implementation, development, value analysis, and the differences between quality team and quality circle concepts. Examines in detail the successful quality program used at the Paul Revere Insurance Companies, explaining both how and why the program worked. |
| 546 ## - ХЭЛНИЙ ТУХАЙ МЭДЭЭ | |
| Хэл | Англи хэл дээр, |
| 653 ## - Түлхүүр үг | |
| Түлхүүр үг | quality circles |
| 653 ## - Түлхүүр үг | |
| Түлхүүр үг | value analysis |
| 700 ## - ХАМ ЗОХИОГЧИД | |
| Ба бус | Gebhardt, Joan E |
| 740 ## - НОМЫН ГАРЧИГ | |
| Гарчиг | Quality is Everybody's Business |
| 740 ## - НОМЫН ГАРЧИГ | |
| Гарчиг | Value Analysis |
| 740 ## - НОМЫН ГАРЧИГ | |
| Гарчиг | Quality Teams: An Improvement on Quality Circles |
| 740 ## - НОМЫН ГАРЧИГ | |
| Гарчиг | Virtue Is Not Necessarily Its Own Reward |
| 740 ## - НОМЫН ГАРЧИГ | |
| Гарчиг | Evolution: Change in Corporate Culture |
| 740 ## - НОМЫН ГАРЧИГ | |
| Гарчиг | Quality Has Value: The Second Year |
| 740 ## - НОМЫН ГАРЧИГ | |
| Гарчиг | Listening Down--And Out |
| 740 ## - НОМЫН ГАРЧИГ | |
| Гарчиг | Adopting Theory: Adapting Practice |
| 942 ## - ЭЛЕМЕНТИЙН ТӨРӨЛ | |
| Зүйлийн төрөл | Ном |
